| 000 | 00731nam a22002417a 4500 | ||
|---|---|---|---|
| 003 | UA-OsUOA | ||
| 001 | 46776 | ||
| 007 | ta | ||
| 008 | 20070705b un ||||| |||| 00| 0 ukr d | ||
| 100 | _aЕникеев М.И. | ||
| 090 |
_a343.98:159.9(075.8) _bЕ63 |
||
| 942 | _cBK | ||
| 040 |
_aUA-OsUOA _brus _cUA-OsUOA _dUA-OsUOA |
||
| 245 |
_aПсихология следственных действий _bУчебно-практическое пособие |
||
| 300 | _a424 с. | ||
| 955 | _a2 | ||
| 041 | _arus | ||
| 080 | _a343.98:159.9(075.8) | ||
| 020 | _a5-482-01345-6 | ||
| 260 |
_aМ. _bПроспект _c2007 |
||
| 650 | 7 |
_a343 Кримінальне право. Карні порушення _2UDC |
|
| 999 |
_c332881 _d332881 |
||